00837nam a22002417a 450000500170000001000130001702000230003003500130005303700160006604000120008208200170009410000180011124500760012926000460020527000760025130000260032750000190035365000260037265000190039894200260041799900190044395201330046220170124105911.0 aB-220664 c350.00a8177330535 aB-220664 bCen Lib/Ret aDPLbEN a303.445bDAS aDas, P. K.94 aUniversal's handbook the right to information act 2005 /cby P. K. Das aNew DelhibUniversal Law Publishingc2007 aC-FF-1A, Dikhush Industrial Estate, G.T. Karnal RoadbNew Delhie110033 axi, 460p. c24cm(pbk) aIncludes index aFundamental Rights95 aIndian Acts96 2ddccENh323.445mDAS c122516d122516 001040718REFaLbLd2015-05-27eCen Lib/Retg350.00l0o303.445 DASpB-220664r2015-05-27 00:00:00t1v350.00w2015-05-27yEN